One-Term Presidents Quiz Stats

 Plays Quiz Updated Sep 20, 2018

Score 0/12 Timer 02:00
9 Plays Today
President % Correct
George H. W. Bush
84.9%
Jimmy Carter
84.8%
John Adams
84.1%
John Quincy Adams
84%
Herbert Hoover
70.7%
William Howard Taft
69.2%
James K. Polk
64.9%
Benjamin Harrison
64.4%
Martin Van Buren
56.6%
Franklin Pierce
55.5%
James Buchanan
54.5%
Rutherford B. Hayes
51.4%

You're not logged in!

Compare scores with friends on all Sporcle quizzes.
OR
Log In

Sporcle TV

Today on Sporcle TV


Watch our educational content, quiz creation guides, and fun videos on Sporcle TV.

Show Comments

Extras

Top Quizzes Today


Score Distribution

Your Account Isn't Verified!

In order to create a playlist on Sporcle, you need to verify the email address you used during registration. Go to your Sporcle Settings to finish the process.

Report this User

Report this user for behavior that violates our Community Guidelines.

Details: